00289nam a2200097Ia 4500008004100000100003300041245004100074260002800115300000900143650003900152191201s2019 xx 000 0 und d aKASTURE, AV AND WADODKAR, SG 0aPractical pharmaceutical chemistry I bNiraliaNew Delhic2019 aMISC aPharmaceutical Inorganic Chemistry